[Event "XX C.to Mondiale Seniores"]
[Site "Arco ITA"]
[Date "2010.11.02"]
[Round "7"]
[White "Ponelis, Albert A."]
[Black "Taksrud, Vidar"]
[WhiteElo "1947"]
[BlackElo "2101"]
[Result "0-1"]
[PlyCount "76"]
[EventDate "2010.10.26"]

1. e4 d5 2. exd5 Nf6 3. c4 c6 4. d4 cxd5 5. Nc3 Nc6 6. Bg5 dxc4 7. Bxc4 Qa5 8.
d5 Ne5 9. Bb5+ Bd7 10. Bxf6 gxf6 11. Bxd7+ Nxd7 12. Nf3 Qa6 13. Qe2 Qxe2+ 14.
Kxe2 a6 15. Rhe1 Rg8 16. Kf1 O-O-O 17. Rad1 Nb6 18. Rd4 h5 19. h3 Rd7 20. a4 a5
21. Red1 Bg7 22. Nh4 f5 23. Rf4 e6 24. dxe6 fxe6 25. Rxd7 Kxd7 26. Nf3 Bf6 27.
Nd2 Rc8 28. Rf3 Bxc3 29. bxc3 Nxa4 30. c4 Nc5 31. Rg3 a4 32. Ke2 h4 33. Rg7+
Kd6 34. Nb1 Ke5 35. Rh7 Rg8 36. Kf3 Rd8 37. Rxh4 Rd1 38. Nc3 Rd3+ 0-1

[Event "XX C.to Mondiale Seniores"]
[Site "Arco ITA"]
[Date "2010.11.02"]
[Round "7"]
[White "Prahov, G."]
[Black "Beltrami, Nerio"]
[WhiteElo "2267"]
[BlackElo "1991"]
[Result "0-1"]
[PlyCount "54"]
[EventDate "2010.10.26"]

1. c4 g6 2. Nc3 Bg7 3. Nf3 Nf6 4. d4 O-O 5. g3 d6 6. Bg2 Nc6 7. O-O Bf5 8. Nh4
Bd7 9. e4 Qc8 10. Be3 Na5 11. b3 c5 12. Rc1 Ng4 13. Nd5 Nxe3 14. fxe3 Qd8 15.
Nc3 Nc6 16. Ne2 cxd4 17. exd4 Qb6 18. c5 dxc5 19. dxc5 Qc7 20. Nf3 Bg4 21. Qd2
Bxf3 22. Bxf3 Rad8 23. Qf4 Qa5 24. Rc2 Nb4 25. Rc4 Nd3 26. Qe3 Qxa2 27. Nf4
Qxb3 0-1

[Event "XX C.to Mondiale Seniores"]
[Site "Arco ITA"]
[Date "2010.11.02"]
[Round "7"]
[White "Rosino, Antonio"]
[Black "Nordby, Bernt"]
[WhiteElo "2237"]
[BlackElo "2145"]
[Result "1-0"]
[PlyCount "41"]
[EventDate "2010.10.26"]

1. e4 e6 2. d4 d5 3. Nc3 Bb4 4. e5 Qd7 5. a3 Bxc3+ 6. bxc3 b6 7. Qg4 f5 8. Qg3
Ba6 9. Bxa6 Nxa6 10. Ne2 O-O-O 11. a4 Nb8 12. O-O Nc6 13. Ba3 Na5 14. Bb4 Nc4
15. a5 Nh6 16. Ra2 Qf7 17. Nf4 Rdg8 18. h4 Ng4 19. Re1 Kd7 20. axb6 axb6 21.
Nxd5 1-0

[Event "XX C.to Mondiale Seniores"]
[Site "Arco ITA"]
[Date "2010.11.02"]
[Round "7"]
[White "Roth, Peter"]
[Black "Welz, Peter"]
[WhiteElo "2260"]
[BlackElo "2156"]
[Result "1/2-1/2"]
[PlyCount "84"]
[EventDate "2010.10.26"]

1. e4 e6 2. d4 d5 3. Nc3 Bb4 4. e5 c5 5. a3 Bxc3+ 6. bxc3 Qc7 7. Nf3 Bd7 8. h4
Nc6 9. h5 h6 10. Rh4 Nge7 11. Rg4 cxd4 12. cxd4 g5 13. hxg6 fxg6 14. Bb2 O-O-O
15. Rh4 Kb8 16. Qd2 g5 17. Rh1 Na5 18. Bc3 Nc4 19. Bxc4 Qxc4 20. Bb4 Nc6 21.
Bd6+ Ka8 22. Rd1 Rc8 23. Qd3 Na5 24. Bb4 Qc7 25. Rc1 Qb6 26. Nd2 Bb5 27. Qe3
Ba6 28. f3 Nc6 29. Bc5 Qb2 30. Kd1 b6 31. Rb1 Qa2 32. Bd6 Na5 33. Rc1 Rc6 34.
Bb4 Rhc8 35. c3 Nc4 36. Nxc4 Qxc4 37. Ke1 Bb5 38. Kf2 a5 39. Be7 g4 40. Rxh6
Qa2+ 41. Kg3 gxf3 42. gxf3 Rg8+ 1/2-1/2

[Event "XX C.to Mondiale Seniores"]
[Site "Arco ITA"]
[Date "2010.11.02"]
[Round "7"]
[White "Ruckschloss, Karol"]
[Black "Bogdanov, Valentin"]
[WhiteElo "2293"]
[BlackElo "2393"]
[Result "1-0"]
[PlyCount "77"]
[EventDate "2010.10.26"]

1. c4 e6 2. d4 d5 3. e3 Nf6 4. Nf3 Be7 5. Nc3 O-O 6. Bd3 dxc4 7. Bxc4 c5 8. O-O
Nc6 9. dxc5 Bxc5 10. a3 Qe7 11. b4 Rd8 12. Qe2 Bd6 13. Bb2 Bd7 14. Bb3 Rac8 15.
Rfd1 Ne5 16. Nd4 Ng6 17. Bc2 Nh4 18. Ne4 Nxe4 19. Bxe4 Ba4 20. Rd2 Bb8 21. g3
Ng6 22. f4 f6 23. Qg2 Rd7 24. Re1 f5 25. Bb1 Kh8 26. Ba2 Bc6 27. Nxc6 Rxc6 28.
e4 Rxd2 29. Qxd2 Rd6 30. Qc3 Rc6 31. Qd4 Rd6 32. Qe3 Qf8 33. h4 Ne7 34. h5 h6
35. Re2 fxe4 36. Qxe4 Nf5 37. Kg2 Rd1 38. Qxe6 Rd8 39. Bb1 1-0

[Event "XX C.to Mondiale Seniores"]
[Site "Arco ITA"]
[Date "2010.11.02"]
[Round "7"]
[White "Rukavina, Josip"]
[Black "Suba, Mihai"]
[WhiteElo "2423"]
[BlackElo "2464"]
[Result "1/2-1/2"]
[PlyCount "92"]
[EventDate "2010.10.26"]

1. d4 Nf6 2. Bg5 c6 3. Bxf6 gxf6 4. c4 d5 5. e3 Bf5 6. cxd5 cxd5 7. Nc3 e6 8.
Bd3 Bg6 9. Nge2 a6 10. O-O Nd7 11. Rc1 f5 12. Qb3 Rb8 13. Qa4 Bd6 14. f4 Kf8
15. b4 Kg7 16. b5 a5 17. Qb3 h5 18. Na4 b6 19. Kh1 h4 20. Ng1 Nf6 21. Nf3 h3
22. g3 Ng4 23. Be2 f6 24. a3 Be8 25. Rc3 Rh7 26. Kg1 Kh8 27. Rfc1 Bd7 28. Nb2
Qg8 29. Nd2 e5 30. Rf1 Rg7 31. Bf3 Be6 32. Rc6 Nxh2 33. Kxh2 Rxg3 34. Rf2 e4
35. Bh1 Bxf4 36. exf4 Rxb3 37. Nxb3 Qg4 38. Rc3 Rb7 39. Rg3 e3 40. Rff3 Rc7 41.
Rxh3+ Kg7 42. Rhg3 Rc2+ 43. Bg2 Rxb2 44. Rxe3 Bf7 45. a4 Ra2 46. Nc1 Rxa4
1/2-1/2

[Event "XX C.to Mondiale Seniores"]
[Site "Arco ITA"]
[Date "2010.11.02"]
[Round "7"]
[White "Sarto Ramos, Angel"]
[Black "Stull, Norbert"]
[WhiteElo "1963"]
[BlackElo "2110"]
[Result "1-0"]
[PlyCount "115"]
[EventDate "2010.10.26"]

1. d4 Nf6 2. Nf3 g6 3. Nc3 d5 4. Bf4 Bg7 5. Nb5 Na6 6. Be5 c6 7. Nc3 O-O 8. e3
Qa5 9. Qd2 Bf5 10. Nh4 Be6 11. Be2 b5 12. a3 Qb6 13. O-O Nc7 14. Bd3 Nd7 15.
Bxg7 Kxg7 16. b4 a5 17. f4 f5 18. Ne2 Ne8 19. Nf3 Nd6 20. Ne5 Nf6 21. Ng3 axb4
22. axb4 Ra6 23. Qc3 Rfa8 24. Rxa6 Rxa6 25. Ra1 Nc4 26. Bxc4 bxc4 27. Rxa6 Qxa6
28. Qb2 Qa4 29. h3 Bc8 30. Ne2 Ne4 31. Nc3 Nxc3 32. Qxc3 Ba6 33. g4 e6 34. g5
Qa2 35. Nf3 Bb5 36. Ne1 Ba4 37. Kf2 h6 38. h4 h5 39. Ke2 Kf7 40. Kd2 Bb5 41.
Kc1 Qa6 42. Kb2 Kg7 43. Nf3 Kf7 44. Ne5+ Kg7 45. Nd7 Qa7 46. Nc5 Kf7 47. Qe1
Ke7 48. c3 Qa8 49. Qh1 Qa7 50. Qh2 Qb8 51. Qg3 Qc7 52. Qe1 Qa7 53. Qb1 Qa8 54.
Qd1 Qa7 55. Qd2 Qa8 56. e4 dxe4 57. d5 exd5 58. Qd4 1-0

[Event "XX C.to Mondiale Seniores"]
[Site "Arco ITA"]
[Date "2010.11.02"]
[Round "7"]
[White "Schweiger, Georg"]
[Black "Cebalo, Miso"]
[WhiteElo "2166"]
[BlackElo "2493"]
[Result "0-1"]
[PlyCount "54"]
[EventDate "2010.10.26"]

1. d4 c5 2. dxc5 e6 3. Nc3 Bxc5 4. Ne4 Nf6 5. Nxc5 Qa5+ 6. c3 Qxc5 7. Be3 Qc7
8. Qa4 O-O 9. Nf3 Nc6 10. g3 d5 11. Bg2 e5 12. O-O h6 13. Rad1 Be6 14. h3 Rad8
15. Qc2 Rd7 16. Qc1 Rfd8 17. g4 Nh7 18. Bd2 Nf8 19. Nh4 f6 20. e4 dxe4 21. b3
Qa5 22. Bxe4 Qxa2 23. Be3 Qxb3 24. Rxd7 Rxd7 25. Nf5 Bc4 26. Bc2 Qb5 27. Rd1
Bd3 0-1

[Event "XX C.to Mondiale Seniores"]
[Site "Arco ITA"]
[Date "2010.11.02"]
[Round "7"]
[White "Serra Olives, Tomas"]
[Black "Jacobsen, Bo"]
[WhiteElo "2201"]
[BlackElo "2317"]
[Result "1/2-1/2"]
[PlyCount "72"]
[EventDate "2010.10.26"]

1. e4 e5 2. Nf3 Nc6 3. Bb5 Nf6 4. O-O d6 5. d4 Bd7 6. Nc3 Be7 7. h3 exd4 8.
Nxd4 O-O 9. Bxc6 bxc6 10. b3 Re8 11. Bb2 a5 12. f4 a4 13. Qf3 c5 14. Nde2 Bc6
15. Ng3 a3 16. Bc1 Nd7 17. Bd2 g6 18. Nd5 Bxd5 19. exd5 f5 20. c4 Bf6 21. Rae1
Bd4+ 22. Kh1 Qh4 23. Re6 Nf8 24. Rxe8 Rxe8 25. Re1 Kf7 26. Rxe8 Kxe8 27. Ne2
Nd7 28. Nxd4 cxd4 29. Qe2+ Kd8 30. Be1 Qxf4 31. Qe6 Nc5 32. Qg8+ Kd7 33. Ba5
Qf1+ 34. Kh2 Qf4+ 35. Kh1 Qf1+ 36. Kh2 Qf4+ 1/2-1/2

[Event "XX C.to Mondiale Seniores"]
[Site "Arco ITA"]
[Date "2010.11.02"]
[Round "7"]
[White "Shamis, Mordehay"]
[Black "Gundersen, Helge"]
[WhiteElo "2096"]
[BlackElo "2230"]
[Result "1/2-1/2"]
[PlyCount "23"]
[EventDate "2010.10.26"]

1. e4 e6 2. d4 d5 3. Nd2 dxe4 4. Nxe4 Nd7 5. Nf3 Ngf6 6. Bg5 Be7 7. Bxf6 gxf6
8. Qd2 f5 9. Ng3 h5 10. h4 b6 11. d5 Bb7 12. dxe6 1/2-1/2

[Event "XX C.to Mondiale Seniores"]
[Site "Arco ITA"]
[Date "2010.11.02"]
[Round "7"]
[White "Simon Padros, Emili"]
[Black "Belokopyt, Boris"]
[WhiteElo "2241"]
[BlackElo "2041"]
[Result "1-0"]
[PlyCount "69"]
[EventDate "2010.10.26"]

1. e4 Nf6 2. e5 Nd5 3. d4 d6 4. c4 Nb6 5. exd6 exd6 6. Bd3 Nc6 7. Ne2 g6 8.
Nbc3 Bg7 9. Be3 O-O 10. b3 Bg4 11. Qd2 a5 12. f3 Bd7 13. O-O Nb4 14. Be4 d5 15.
Nxd5 N6xd5 16. cxd5 f5 17. Bd3 Be8 18. Nf4 Bf7 19. Ne6 Bxe6 20. dxe6 Nxd3 21.
Qxd3 Qe7 22. Qc4 f4 23. Bf2 Rfe8 24. Rfe1 c6 25. Rad1 Rad8 26. d5 cxd5 27. Rxd5
Rxd5 28. Qxd5 Bc3 29. Bc5 Qd8 30. Qc4 Qf6 31. e7+ Kg7 32. Re6 b5 33. Rxf6 bxc4
34. Rf8 cxb3 35. axb3 1-0

[Event "XX C.to Mondiale Seniores"]
[Site "Arco ITA"]
[Date "2010.11.02"]
[Round "7"]
[White "Sloth, Jorn"]
[Black "Villing, Dieter"]
[WhiteElo "2302"]
[BlackElo "2189"]
[Result "1/2-1/2"]
[PlyCount "71"]
[EventDate "2010.10.26"]

1. Nf3 d6 2. d4 g6 3. c4 Bg7 4. Nc3 e5 5. e4 exd4 6. Nxd4 Nc6 7. Be3 Nxd4 8.
Bxd4 Bxd4 9. Qxd4 Qf6 10. O-O-O Qxd4 11. Rxd4 Bd7 12. Be2 Ne7 13. f4 f6 14. h4
O-O-O 15. Nd5 Nxd5 16. cxd5 Rhe8 17. Bf3 h6 18. Kd2 Rg8 19. Ke3 Rde8 20. Kf2
Ref8 21. g4 g5 22. f5 Re8 23. hxg5 hxg5 24. Rh6 Rgf8 25. Rd1 Re7 26. Rdh1 c6
27. Rh8 Ref7 28. dxc6 bxc6 29. Bd1 d5 30. Bb3 Rxh8 31. Rxh8+ Kc7 32. exd5 cxd5
33. Bxd5 Re7 34. Ra8 Kd6 35. Bf3 Be8 36. b4 1/2-1/2

[Event "XX C.to Mondiale Seniores"]
[Site "Arco ITA"]
[Date "2010.11.02"]
[Round "7"]
[White "Spano' Cuomo, Gaetano"]
[Black "Paune, Florea"]
[WhiteElo "1806"]
[BlackElo "1943"]
[Result "0-1"]
[PlyCount "128"]
[EventDate "2010.10.26"]

1. d4 d5 2. Nf3 h6 3. e3 Nf6 4. c4 Bf5 5. Qb3 b6 6. Nc3 e6 7. Bd2 Be7 8. cxd5
exd5 9. Be2 O-O 10. O-O Bd6 11. Nb5 Be7 12. Rfc1 c6 13. Na3 Ne4 14. Bb4 c5 15.
dxc5 bxc5 16. Bc3 Nc6 17. Nd2 c4 18. Qd1 Nxc3 19. Rxc3 Bb4 20. Rcc1 Qa5 21.
Naxc4 dxc4 22. Nxc4 Qd8 23. Qf1 Rc8 24. a3 Ba5 25. Rd1 Qf6 26. Nd6 Rcd8 27.
Nxf5 Qxf5 28. Bd3 Qf6 29. Rac1 Ne5 30. Bb1 Bb6 31. Qe2 Rxd1+ 32. Qxd1 Rd8 33.
Qe2 Qd6 34. Qc2 g6 35. Qb3 Qd7 36. Rf1 Nd3 37. Bc2 Kg7 38. h3 Nc5 39. Qc4 Qd5
40. Qe2 Qe5 41. b4 Ne6 42. Bb3 Bc7 43. g3 Nd4 44. Qc4 Nf3+ 45. Kg2 Ng5 46. h4
Qe4+ 47. f3 Rd2+ 48. Kh1 Qxc4 49. Bxc4 Nh3 50. f4 Nf2+ 51. Kg2 Ne4+ 52. Kh3
Nf2+ 53. Kg2 Ng4+ 54. Kg1 Nxe3 55. Rc1 Rg2+ 56. Kh1 Rxg3 57. Bxf7 Bxf4 58. Bc4
Ng4 59. Rf1 g5 60. hxg5 hxg5 61. Be2 Rh3+ 62. Kg1 Nh2 63. Rd1 Rxa3 64. Rd7+ Kf6
0-1

[Event "XX C.to Mondiale Seniores"]
[Site "Arco ITA"]
[Date "2010.11.02"]
[Round "7"]
[White "Strohbusch, Frank"]
[Black "Antonelli, Fabrizio"]
[WhiteElo "1901"]
[BlackElo "2099"]
[Result "0-1"]
[PlyCount "100"]
[EventDate "2010.10.26"]

1. e4 e5 2. Nf3 Nc6 3. Bc4 Nf6 4. d3 Be7 5. O-O O-O 6. Re1 d6 7. a4 Na5 8. Ba2
c5 9. Bg5 Nc6 10. Bxf6 Bxf6 11. c3 Ne7 12. Nbd2 Ng6 13. g3 Be6 14. Bc4 d5 15.
exd5 Bxd5 16. Ne4 Be7 17. Qc2 Bxc4 18. dxc4 f5 19. Rad1 Qc7 20. Neg5 Bxg5 21.
Nxg5 Rae8 22. Rd5 h6 23. Nh3 e4 24. Qd2 Ne5 25. Rxe5 Qxe5 26. Qd5+ Qxd5 27.
cxd5 g5 28. c4 Rf6 29. Kf1 Rb6 30. Rb1 Rb3 31. Ng1 Kf7 32. Ne2 Kf6 33. Nc3 f4
34. Ke2 Ke5 35. Kd2 a6 36. Kc2 Rb6 37. a5 Rf6 38. Re1 e3 39. f3 Kd6 40. Ne4+
Rxe4 41. fxe4 Ke5 42. Kd3 b6 43. b3 bxa5 44. Ra1 Rb6 45. gxf4+ gxf4 46. Rxa5
Rxb3+ 47. Ke2 Kxe4 48. Rxa6 f3+ 49. Kd1 e2+ 50. Kd2 Rb2+ 0-1

[Event "XX C.to Mondiale Seniores"]
[Site "Arco ITA"]
[Date "2010.11.02"]
[Round "7"]
[White "Tavcar, Rado"]
[Black "Bapoglu, Ibrahim"]
[WhiteElo "2025"]
[BlackElo "1900"]
[Result "1-0"]
[PlyCount "61"]
[EventDate "2010.10.26"]

1. d4 Nf6 2. Nf3 e6 3. e3 d5 4. Nbd2 c5 5. c3 Nc6 6. Bd3 cxd4 7. exd4 Bd6 8.
O-O O-O 9. Re1 Re8 10. Ne5 g6 11. Ndf3 Bf8 12. Bg5 Be7 13. Bh6 Nxe5 14. Nxe5
Nd7 15. Qg4 Bf6 16. Re2 Bg7 17. Bd2 Nxe5 18. dxe5 a6 19. Rae1 b5 20. h4 Ra7 21.
h5 Rf8 22. Be3 Rb7 23. Bc5 Re8 24. Re3 f5 25. exf6 Qxf6 26. hxg6 h6 27. Qh5 e5
28. Bc2 e4 29. Qxd5+ Kh8 30. Rxe4 Rxe4 31. Qxe4 1-0

[Event "XX C.to Mondiale Seniores"]
[Site "Arco ITA"]
[Date "2010.11.02"]
[Round "7"]
[White "Thieme, Hans"]
[Black "Jadrijevic, Ante"]
[WhiteElo "2112"]
[BlackElo "2242"]
[Result "0-1"]
[PlyCount "48"]
[EventDate "2010.10.26"]

1. e4 e6 2. d4 d5 3. Nc3 Bb4 4. Bd2 dxe4 5. Qg4 Nf6 6. Qxg7 Rg8 7. Qh6 Rg6 8.
Qe3 Nc6 9. Nge2 Bxc3 10. Qxc3 Ne7 11. Qb3 b6 12. Nf4 Rg8 13. Bb5+ Bd7 14. Be2
Bc6 15. O-O-O Qxd4 16. Bc4 Nfd5 17. g3 Qxf2 18. Bxd5 Nxd5 19. Qc4 Qc5 20. Qxe4
Nxf4 21. Qxh7 Ne2+ 22. Kb1 O-O-O 23. Rhe1 Nd4 24. Be3 Qf5 0-1

[Event "XX C.to Mondiale Seniores"]
[Site "Arco ITA"]
[Date "2010.11.02"]
[Round "7"]
[White "Timoscenko, Gennadij A."]
[Black "Shvedchikov, Anatoli I."]
[WhiteElo "2499"]
[BlackElo "2421"]
[Result "1/2-1/2"]
[PlyCount "82"]
[EventDate "2010.10.26"]

1. d4 d5 2. c4 c6 3. Nc3 Nf6 4. e3 g6 5. Nf3 Bg7 6. Bd3 O-O 7. O-O Bg4 8. h3
Bxf3 9. Qxf3 e6 10. Rd1 Nbd7 11. Bd2 Rc8 12. Be1 Qe7 13. Rac1 Rfd8 14. Qe2 Ne8
15. a3 dxc4 16. Bxc4 Nd6 17. Ba2 c5 18. d5 e5 19. Nb5 a6 20. Nxd6 Qxd6 21. b4
Bf8 22. bxc5 Nxc5 23. Bb4 Qc7 24. Qf3 b6 25. Bc4 Bd6 26. Bxc5 bxc5 27. Rb1 a5
28. h4 Kg7 29. h5 Qe7 30. e4 Rb8 31. g3 Rxb1 32. Rxb1 Rb8 33. Rxb8 Bxb8 34. Qg4
Qd8 35. Kg2 Bd6 36. Qh3 Qc7 37. Kf1 Qb7 38. Kg2 Qb1 39. h6+ Kf8 40. Qg4 f5 41.
exf5 Qxf5 1/2-1/2

[Event "XX C.to Mondiale Seniores"]
[Site "Arco ITA"]
[Date "2010.11.02"]
[Round "7"]
[White "Tribuiani, Renato"]
[Black "Standal, Bard"]
[WhiteElo "2076"]
[BlackElo "1914"]
[Result "0-1"]
[PlyCount "68"]
[EventDate "2010.10.26"]

1. d4 Nf6 2. Nc3 g6 3. e4 d6 4. Be2 Bg7 5. Be3 O-O 6. h4 h5 7. Nh3 Nc6 8. Ng5
e6 9. f3 e5 10. d5 Nd4 11. Qd2 Nxe2 12. Qxe2 Qd7 13. O-O-O a6 14. Rdg1 b5 15.
Kb1 b4 16. Nd1 a5 17. Nf2 Ba6 18. Qd2 Qb5 19. Re1 a4 20. g4 Qc4 21. gxh5 Nxh5
22. Qd3 Rfb8 23. b3 Qb5 24. Qd2 Bc8 25. Reg1 Ra6 26. Nd3 c6 27. Qg2 axb3 28.
axb3 Nf4 29. Qf1 Rba8 30. Kc1 Ra1+ 31. Kd2 Rxf1 32. Rxf1 Nxd3 33. h5 Nf4 34.
Bxf4 exf4 0-1

[Event "XX C.to Mondiale Seniores"]
[Site "Arco ITA"]
[Date "2010.11.02"]
[Round "7"]
[White "Van Riemsdijk, Herman C."]
[Black "Agzamov, Valery"]
[WhiteElo "2390"]
[BlackElo "2209"]
[Result "1-0"]
[PlyCount "97"]
[EventDate "2010.10.26"]

1. e4 Nf6 2. e5 Nd5 3. d4 d6 4. Nf3 g6 5. Bc4 Nb6 6. Bb3 Bg7 7. exd6 cxd6 8. a4
O-O 9. a5 N6d7 10. Bg5 Nf6 11. O-O Nc6 12. a6 bxa6 13. Nbd2 Na5 14. Ba4 Rb8 15.
Re1 h6 16. Bh4 g5 17. Bg3 Nh5 18. Nb3 Nc4 19. Nfd2 Nxd2 20. Qxd2 Nxg3 21. hxg3
e6 22. Na5 Qf6 23. c3 Bb7 24. Bc6 Bc8 25. d5 e5 26. Ba4 h5 27. Bc2 Qh6 28. Nc6
Rb7 29. Rxa6 f5 30. Rxa7 Rxa7 31. Nxa7 Bd7 32. Nc6 Qf6 33. Ra1 h4 34. Ra7 Rf7
35. Ra8+ Bf8 36. Nd8 Rg7 37. Qd1 hxg3 38. fxg3 Rh7 39. Ne6 Bxe6 40. dxe6 Qe7
41. Bxf5 Rh6 42. Qd5 g4 43. Bxg4 Kg7 44. Qf3 d5 45. Bh3 Rf6 46. Qg4+ Rg6 47.
Qf5 Rg5 48. Qd3 Qc5+ 49. Kh2 1-0

[Event "XX C.to Mondiale Seniores"]
[Site "Arco ITA"]
[Date "2010.11.02"]
[Round "7"]
[White "Wuensch, Ulrich"]
[Black "Lang, Ferdinand"]
[WhiteElo "2056"]
[BlackElo "2161"]
[Result "1-0"]
[PlyCount "67"]
[EventDate "2010.10.26"]

1. d4 Nf6 2. Nf3 d6 3. c4 g6 4. Nc3 Bg7 5. e4 O-O 6. Be2 b6 7. O-O Bb7 8. Qc2
c5 9. d5 Nbd7 10. Bg5 h6 11. Bf4 Ng4 12. Qd2 Kh7 13. Bg3 Nge5 14. Nh4 f6 15. f4
Nf7 16. Qc2 Nh8 17. Bd3 a6 18. Rae1 Qe8 19. Nf3 Bc8 20. h4 Kg8 21. h5 g5 22. e5
Qxh5 23. e6 Rd8 24. exd7 Rxd7 25. fxg5 hxg5 26. Bf5 Rb7 27. Re2 Nf7 28. Bxc8
Rxc8 29. Qf5 Rcb8 30. Rfe1 Nh6 31. Qd3 Kf7 32. Rf1 Ng4 33. Qf5 Rh8 34. Nxg5+
1-0

[Event "XX C.to Mondiale Seniores"]
[Site "Arco ITA"]
[Date "2010.11.02"]
[Round "7"]
[White "Zakharchenko, Arnold"]
[Black "Rooze, Jan"]
[WhiteElo "2192"]
[BlackElo "2288"]
[Result "1-0"]
[PlyCount "97"]
[EventDate "2010.10.26"]

1. d4 Nf6 2. c4 c5 3. d5 e5 4. Nc3 d6 5. e4 Nbd7 6. Nf3 Be7 7. g3 a6 8. a4 O-O
9. Bg2 Nh5 10. O-O g6 11. Bh6 Ng7 12. Qd2 Nf6 13. h3 Kh8 14. a5 Rb8 15. Ne1 Ng8
16. Be3 f5 17. f3 b6 18. axb6 Rxb6 19. Nd3 Bd7 20. Rfb1 Nf6 21. Ne2 fxe4 22.
fxe4 Bxh3 23. Bxh3 Nxe4 24. Qc1 Nh5 25. Kg2 Ng5 26. Bxg5 Bxg5 27. Qc2 e4 28.
Ndf4 Bxf4 29. Nxf4 Nxf4+ 30. gxf4 Rxf4 31. Qc3+ Qf6 32. Ra3 Rb4 33. Qxf6+ Rxf6
34. Rc3 Rf3 35. Rxf3 exf3+ 36. Kxf3 Rxc4 37. Ra1 Rb4 38. Rxa6 Rb3+ 39. Kg2
Rxb2+ 40. Kf1 c4 41. Rc6 Rb3 42. Be6 c3 43. Ke2 Kg7 44. Rxd6 Kf6 45. Rd7 h5 46.
Kd3 Rb6 47. Kxc3 Rxe6 48. dxe6 Kxe6 49. Rd4 1-0

[Event "XX C.to Mondiale Seniores"]
[Site "Arco ITA"]
[Date "2010.11.02"]
[Round "7"]
[White "Zilahi, Gabor"]
[Black "Fragni, Enrico"]
[WhiteElo "1946"]
[BlackElo "1756"]
[Result "1-0"]
[PlyCount "95"]
[EventDate "2010.10.26"]

1. d4 c6 2. Nf3 d6 3. c4 Bg4 4. Nc3 Nd7 5. e3 e5 6. Be2 Be7 7. b3 Ngf6 8. Bb2
Qc7 9. Rc1 O-O 10. h3 Bxf3 11. Bxf3 Rfe8 12. O-O Bf8 13. Qd3 a5 14. Qb1 Rab8
15. Rfd1 exd4 16. exd4 Qd8 17. Re1 Nb6 18. Qf5 Rxe1+ 19. Rxe1 d5 20. c5 Nc8 21.
Bc1 Ne7 22. Qd3 Ng6 23. Na4 h6 24. g3 Qc7 25. Bd2 b5 26. cxb6 Qd7 27. Kg2 Bb4
28. Bxb4 axb4 29. Qc2 h5 30. Qc5 h4 31. Qxb4 hxg3 32. fxg3 Qf5 33. Qd2 Nf8 34.
Re5 Qc8 35. Re7 N8d7 36. Bg4 Nxg4 37. hxg4 Nxb6 38. Qf4 f6 39. Nc5 Ra8 40. a4
Qf8 41. Rb7 Nc8 42. Ne6 g5 43. Qc7 Qe7 44. Qxe7 Nxe7 45. Rxe7 Rb8 46. Nc5 Kf8
47. Re6 Kf7 48. Rxf6+ 1-0

[Event "XX C.to Mondiale Seniores"]
[Site "Arco ITA"]
[Date "2010.11.03"]
[Round "8"]
[White "Andersson, Kaj"]
[Black "Fereday, Andrew"]
[WhiteElo "2093"]
[BlackElo "1921"]
[Result "1-0"]
[PlyCount "43"]
[EventDate "2010.10.26"]

1. e4 e5 2. Nf3 Nc6 3. Bb5 a6 4. Ba4 Nf6 5. d3 Bc5 6. c3 h6 7. O-O b5 8. Bb3 d6
9. Nbd2 O-O 10. h3 Bb7 11. Re1 Qd7 12. Nf1 Bb6 13. Ng3 Rac8 14. Nh4 Ne7 15. Qf3
d5 16. Bxh6 dxe4 17. dxe4 c5 18. Rad1 Qc6 19. Ngf5 Nxf5 20. Nxf5 Qxe4 21. Rxe4
Bxe4 22. Qg3 1-0

[Event "XX C.to Mondiale Seniores"]
[Site "Arco ITA"]
[Date "2010.11.03"]
[Round "8"]
[White "Andreas, Guenter"]
[Black "Scarpellini, Felice"]
[WhiteElo "1971"]
[BlackElo "1809"]
[Result "1-0"]
[PlyCount "101"]
[EventDate "2010.10.26"]

1. e4 d6 2. d4 g6 3. f4 Bg7 4. Nf3 Bg4 5. Bc4 e6 6. O-O c6 7. Bb3 b5 8. Be3 Nf6
9. Nbd2 O-O 10. h3 Bxf3 11. Qxf3 a5 12. c3 Na6 13. f5 exf5 14. exf5 d5 15. Bc2
Ra7 16. Rf2 Re7 17. g4 Rfe8 18. Bg5 Ne4 19. Bxe7 Qxe7 20. Nxe4 dxe4 21. Qf4 e3
22. Re2 Nc7 23. g5 Nd5 24. Qg3 Qd8 25. Bb3 gxf5 26. Bxd5 Qxd5 27. Rf1 Qe4 28.
Qf4 Qd3 29. Qxf5 Qxf5 30. Rxf5 Re6 31. Kg2 h6 32. h4 hxg5 33. hxg5 Bf8 34. Kf3
Kg7 35. Rxe3 Rd6 36. Kg4 Kg6 37. Rf6+ Rxf6 38. gxf6 Kxf6 39. Re8 Bh6 40. Rc8
Bc1 41. Rxc6+ Ke7 42. b3 Bb2 43. Kf5 b4 44. cxb4 axb4 45. Rc4 Bc3 46. a3 Kd6
47. axb4 Bb2 48. b5 Kd5 49. b6 Ba3 50. b7 Bd6 51. Rc8 1-0

[Event "XX C.to Mondiale Seniores"]
[Site "Arco ITA"]
[Date "2010.11.03"]
[Round "8"]
[White "Bardin, Christian"]
[Black "Luebbers, Doris"]
[WhiteElo "1796"]
[BlackElo "1607"]
[Result "1-0"]
[PlyCount "45"]
[EventDate "2010.10.26"]

1. e4 c5 2. Nf3 d6 3. c3 Nf6 4. Bc4 e6 5. d3 Be7 6. O-O O-O 7. Bb3 b6 8. Re1
Nbd7 9. d4 cxd4 10. cxd4 Bb7 11. Nc3 Qc7 12. Bf4 e5 13. Bg5 h6 14. Bh4 Rae8 15.
Rc1 Qb8 16. Nd5 Nxd5 17. exd5 Bxh4 18. Nxh4 Nf6 19. dxe5 Rxe5 20. Rxe5 dxe5 21.
Nf5 Rd8 22. d6 Nd7 23. Qg4 1-0

[Event "XX C.to Mondiale Seniores"]
[Site "Arco ITA"]
[Date "2010.11.03"]
[Round "8"]
[White "Batakovs, Olegs"]
[Black "Stanciulescu, Serban"]
[WhiteElo "2143"]
[BlackElo "1998"]
[Result "1-0"]
[PlyCount "83"]
[EventDate "2010.10.26"]

1. e4 d6 2. d4 Nf6 3. Nc3 g6 4. Nf3 Bg7 5. Be2 O-O 6. O-O c6 7. h3 Nbd7 8. Bg5
e5 9. Qd2 Re8 10. Rad1 Qc7 11. dxe5 dxe5 12. Qd6 Qxd6 13. Rxd6 h6 14. Be3 Bf8
15. Rdd1 Nc5 16. Nd2 a5 17. a4 g5 18. f3 Ne6 19. Nb3 Nf4 20. Bc4 Be6 21. Bxe6
Nxe6 22. g3 Be7 23. Rd2 Bb4 24. Rd3 b5 25. Ra1 bxa4 26. Nxa4 Red8 27. Rxd8+
Rxd8 28. c3 Rd3 29. Kf2 Bf8 30. Nxa5 c5 31. Nc4 Rd8 32. Nxe5 Nh5 33. Nb6 Nxg3
34. Kxg3 Bd6 35. Nbc4 Bc7 36. Kf2 f6 37. Nc6 Rd7 38. Ra8+ Kg7 39. Nd2 h5 40.
Ra7 h4 41. b4 cxb4 42. Nxb4 1-0

[Event "XX C.to Mondiale Seniores"]
[Site "Arco ITA"]
[Date "2010.11.03"]
[Round "8"]
[White "Battaglia, Emanuele"]
[Black "Acunzo, Domenico"]
[WhiteElo "1645"]
[BlackElo "1802"]
[Result "0-1"]
[PlyCount "86"]
[EventDate "2010.10.26"]

1. d4 e6 2. c4 f5 3. Nc3 Nf6 4. Bg5 Be7 5. Nf3 d5 6. e3 c6 7. Bd3 O-O 8. O-O
Nbd7 9. c5 Ne4 10. Bxe7 Qxe7 11. Qc2 e5 12. b4 Nxc3 13. Bxf5 Ne4 14. Bxd7 Bxd7
15. Nxe5 Bf5 16. Qb2 Qg5 17. b5 Nf6 18. bxc6 bxc6 19. Nxc6 Ng4 20. h3 Nf6 21.
Kh1 Ne4 22. Ne5 Qh4 23. Nf3 Qh5 24. Ng1 Ng5 25. Qe2 Qg6 26. Rfd1 Qe6 27. Rd2
Rf6 28. Rb2 Bxh3 29. f4 Bg4 30. Nf3 Rh6+ 31. Kg1 Nxf3+ 32. gxf3 Bh3 33. Qd3
Rg6+ 34. Kh1 Bf5 35. e4 dxe4 36. Qe3 Rh6+ 37. Rh2 Rxh2+ 38. Kxh2 Qh6+ 39. Kg2
Qh3+ 40. Kg1 Qg3+ 41. Kf1 exf3 42. Qf2 Bd3+ 43. Ke1 Re8+ 0-1

[Event "XX C.to Mondiale Seniores"]
[Site "Arco ITA"]
[Date "2010.11.03"]
[Round "8"]
[White "Belokopyt, Boris"]
[Black "Nordstrom, Felix"]
[WhiteElo "2041"]
[BlackElo "2184"]
[Result "1/2-1/2"]
[PlyCount "73"]
[EventDate "2010.10.26"]

1. e4 e5 2. Bc4 Nc6 3. Nf3 Bc5 4. c3 Nf6 5. d4 exd4 6. cxd4 Bb4+ 7. Nc3 Nxe4 8.
O-O Bxc3 9. d5 Bf6 10. Re1 Ne7 11. Rxe4 d6 12. Bg5 Bxg5 13. Nxg5 Bf5 14. Bb5+
c6 15. dxc6 O-O 16. cxb7 Bxe4 17. bxa8=Q Bxa8 18. Bd3 h6 19. Qh5 Nd5 20. Nh3
Re8 21. Qf5 g6 22. Qg4 Qf6 23. Qa4 Rb8 24. Qxa7 Qxb2 25. Rf1 Bc6 26. Qa5 Ra8
27. Qe1 Rxa2 28. Bc4 Ra8 29. Qd1 Qb7 30. Qd3 Ne7 31. Nf4 d5 32. Bb3 Bb5 33. Qd4
Bxf1 34. Nxd5 Qxb3 35. Nf6+ Kf8 36. Nd7+ Kg8 37. Nf6+ 1/2-1/2

[Event "XX C.to Mondiale Seniores"]
[Site "Arco ITA"]
[Date "2010.11.03"]
[Round "8"]
[White "Birkestrand, Odd"]
[Black "Prahov, G."]
[WhiteElo "1913"]
[BlackElo "2267"]
[Result "1/2-1/2"]
[PlyCount "29"]
[EventDate "2010.10.26"]

1. e4 c5 2. c3 g6 3. Nf3 Bg7 4. Be2 Nc6 5. O-O d6 6. d4 cxd4 7. cxd4 Qb6 8. Nc3
Nxd4 9. Nxd4 Qxd4 10. Bb5+ Kf8 11. Qf3 Qb4 12. a3 Qa5 13. Bd2 Qd8 14. Rac1 Be6
15. Qd3 1/2-1/2